[Event "2nd Irena Warakomska Memorial-A"]
[Site "Suwalki"]
[Date "2018.08.06"]
[Round "7"]
[White "Vetoshko, Volodymyr"]
[Black "Leniart, Arkadiusz"]
[Result "0-1"]
[WhiteElo "2525"]
[BlackElo "2498"]
[Annotator "TA"]
[PlyCount "72"]
[EventDate "2018.08.01"]
[EventType "swiss"]
[EventCountry "POL"]
[SourceTitle "playchess.com"]
[Source "ChessBase"]
[SourceQuality "1"]

{[%evp 30,72,17,0,13,8,20,-10,-12,-2,-4,-27,-21,-58,-37,-91,-50,-129,-55,-426,-429,-429,-396,-512,-512,-506,-504,-497,-490,-928,-884,-944,-887,-29978,-29979,-29970,-12839,-12835,-10169,-2403,-1281,-29974,-29975,-29973,-29972]} 1. e4 e5 2. Nf3 Nc6 3. Bb5 a6 4. Ba4 Nf6 5. O-O Be7 6. Re1 b5 7. Bb3 d6 8. c3 O-O 9. h3 Nb8 10. d4 Nbd7 11. Nbd2 Bb7 12. Bc2 Re8 13. a4 Bf8 14. b3 c6 {C95: Closed Ruy Lopez: Breyer Variation with 10 d4} (14... b4 15. cxb4 exd4 16. Nxd4 d5 17. b5 axb5 18. Nxb5 dxe4 19. Nc4 Bb4 20. Bd2 Bxd2 21. Qxd2 Ra6 22. Rad1 {0-1 (41) Abdusattorov,N (2516)-Vidit,S (2718) chess.com INT 2018}) 15. Bb2 g6 16. b4 {LiveBook: 5 Games} Qc7 {The position is equal.} 17. Nb3 Rad8 {[#]} 18. Na5 $146 ({Predecessor:} 18. axb5 axb5 19. Bc1 d5 20. Bg5 exd4 {1-0 (31) Lanc,A (2537)-Knoll,H (2482) ICCF email 2008}) 18... Ba8 19. axb5 axb5 20. c4 exd4 21. Nxd4 bxc4 $1 22. Ba4 ({White should play} 22. Nxc4 $15 Rb8 23. Nf3) 22... Nxe4 {[%cal Bf6e4,Be4f2,Bf2d3][%mdl 32]} 23. Naxc6 (23. Ndxc6 $15 c3 24. Bc1) 23... c3 (23... Rc8 $1 $17 {Threatens to win with ...Qb6.} 24. b5 d5) 24. Rc1 $2 {[%mdl 8192]} (24. Bc1 $15 Rc8 25. Bf4) 24... Bxc6 $19 25. Nxc6 Nxf2 (25... cxb2 26. Ne7+ $1 {[%mdl 512]} Rxe7 27. Rxc7 $16) 26. Qc2 cxb2 27. Ne7+ Rxe7 28. Qxc7 {[#] Black must now prevent Rb1.} Nd3 $1 29. Red1 ({Much weaker is} 29. Qxd8 Rxe1+ 30. Rxe1 Nxe1) (29. Rxe7 $142 bxc1=R+ 30. Qxc1 Nxc1 31. Rxd7) 29... Nxc1 30. Bc2 Rb8 31. Rxd6 Re1+ 32. Kh2 Bxd6+ 33. Qxd6 Rc8 34. Bb1 Nf8 35. b5 Ne2 36. Bd3 b1=Q {Precision: White =  6%, Black = 86%.} 0-1

[Event "2nd Irena Warakomska Memorial-A"]
[Site "Suwalki"]
[Date "2018.08.06"]
[Round "7"]
[White "Kanarek, Marcel"]
[Black "Sliwicki, Damian"]
[Result "1-0"]
[WhiteElo "2518"]
[BlackElo "2220"]
[Annotator "RC"]
[PlyCount "83"]
[EventDate "2018.08.01"]
[EventType "swiss"]
[EventCountry "POL"]
[SourceTitle "playchess.com"]
[Source "ChessBase"]
[SourceQuality "1"]
[TimeControl "40/5400+30:1800+30"]

1. e4 {[%emt 0:00:18]} c5 {[%emt 0:01:50]} 2. Nf3 {[%emt 0:00:03]} d6 {[%emt 0:00:05]} 3. d4 {[%emt 0:00:16]} Nf6 {[%emt 0:00:04]} 4. Nc3 {[%emt 0:00:06]} cxd4 {[%emt 0:00:02]} 5. Nxd4 {[%emt 0:00:05]} g6 {[%emt 0:00:03]} 6. Be3 {[%emt 0:01:31]} Bg7 {[%emt 0:00:05]} 7. f3 {[%emt 0:02:43]} O-O {[%emt 0:00:06]} 8. Qd2 {[%emt 0:00:12]} Nc6 {[%emt 0:00:04]} 9. O-O-O {[%emt 0:05:01]} Nxd4 {[%emt 0:00:03]} 10. Bxd4 {[%emt 0:00:09]} Be6 {[%emt 0:00:04]} 11. Kb1 {[%emt 0:00:46]} Qc7 {[%emt 0:00:03]} 12. h4 {[%emt 0:02:16]} h5 {[%emt 0:01:44]} 13. g4 {[%emt 0:11:10]} Rac8 {[%emt 0:11:39]} 14. Nb5 {[%emt 0:14:15]} Qd7 {[%emt 0:09:04]} 15. gxh5 {[%emt 0:23:49]} Nxh5 {[%emt 0:02:56]} 16. Rg1 {[%emt 0:09:07]} Bc4 {[%emt 0:08:58]} 17. Bxg7 {[%emt 0:06:40]} Nxg7 {[%emt 0:01:41]} 18. Bxc4 {[%emt 0:03:08]} Rxc4 {[%emt 0:00:03]} 19. Nd4 {[%emt 0:00:36]} Rfc8 {[%emt 0:07:20]} 20. c3 {[%emt 0:02:31]} R4c5 {[%emt 0:09:58]} 21. f4 {[%emt 0:00:46]} e6 {[%emt 0:01:14]} 22. f5 {[%emt 0:07:22]} exf5 {[%emt 0:01:22]} 23. h5 {[%emt 0:00:22]} fxe4 {[%emt 0:24:17]} 24. hxg6 {[%emt 0:00:55]} f6 {[%emt 0:00:03]} 25. Rh1 {[%emt 0:04:33]} Rg5 {[%emt 0:00:03]} 26. Rh6 {[%emt 0:01:18]} Qg4 {[%emt 0:01:12]} 27. Rdh1 {[%emt 0:01:36]} Rxg6 {[%emt 0:00:08]} 28. R6h4 {[%emt 0:01:25]} Qd7 {[%emt 0:00:24]} 29. Rxe4 {[%emt 0:00:51]} Re8 {[%emt 0:00:58]} 30. Reh4 {[%emt 0:00:16]} Kf7 {[%emt 0:00:30]} 31. Qd3 {[%emt 0:00:43]} d5 {[%emt 0:01:44]} 32. Rh7 {[%emt 0:00:10]} Qg4 {[%emt 0:00:23]} 33. Nf5 {[%emt 0:00:22]} Qg2 {[%emt 0:08:15]} 34. Nd6+ {[%emt 0:00:33]} Ke6 {[%emt 0:00:04]} 35. Nxe8 {[%emt 0:00:25]} Nxe8 {[%emt 0:00:13]} 36. Re1+ {[%emt 0:00:52]} Kd6 {[%emt 0:00:01]} 37. Rxe8 {[%emt 0:00:46]} Rg3 {[%emt 0:00:34]} 38. Qd1 {[%emt 0:00:27]} Rf3 {[%emt 0:04:29]} 39. Rd8+ {[%emt 0:00:08]} Ke5 {[%emt 0:00:59]} 40. Qxd5+ {[%emt 0:00:00]} Kf4 {[%emt 0:00:00]} 41. Rh4+ {[%emt 0:01:27]} Kg3 {[%emt 0:00:36]} 42. Rg8+ {[%emt 0:00:21]} 1-0

[Event "2nd Irena Warakomska Memorial-A"]
[Site "Suwalki"]
[Date "2018.08.06"]
[Round "7"]
[White "Shtembuliak, Evgeny"]
[Black "Fus, Jakub"]
[Result "1-0"]
[WhiteElo "2518"]
[BlackElo "2210"]
[Annotator "ChessBase"]
[PlyCount "71"]
[EventDate "2018.08.01"]
[EventType "swiss"]
[EventCountry "POL"]
[SourceTitle "playchess.com"]
[Source "ChessBase"]
[SourceQuality "1"]
[TimeControl "40/5400+30:1800+30"]

1. c4 {[%emt 0:00:00]} e6 {[%emt 0:00:00]} 2. Nc3 {[%emt 0:00:00]} Bb4 {[%emt 0:00:00]} 3. Qb3 {[%emt 0:00:00]} Ba5 {[%emt 0:00:16]} 4. Nf3 {[%emt 0:05:34]} Nf6 {[%emt 0:01:23]} 5. g4 {[%emt 0:01:20]} h6 {[%emt 0:05:12]} 6. Rg1 {[%emt 0:00:11]} Nc6 {[%emt 0:16:14]} 7. h4 {[%emt 0:08:59]} d5 {[%emt 0:05:00]} 8. g5 hxg5 {[%emt 0:01:02]} 9. hxg5 {[%emt 0:01:37]} dxc4 {[%emt 0:00:27]} 10. Qxc4 {[%emt 0:01:31]} Nd5 {[%emt 0:00:56]} 11. g6 {[%emt 0:06:24]} f6 {[%emt 0:00:41]} 12. a3 {[%emt 0:18:13]} Nxc3 {[%emt 0:04:30]} 13. dxc3 {[%emt 0:01:53]} Qd5 {[%emt 0:05:32]} 14. Qa4 {[%emt 0:13:02]} Bd7 {[%emt 0:05:25]} 15. Qc2 {[%emt 0:00:13]} Qf5 {[%emt 0:03:24]} 16. Qxf5 {[%emt 0:04:55]} exf5 {[%emt 0:00:05]} 17. Bf4 {[%emt 0:02:36]} O-O-O {[%emt 0:01:49]} 18. e3 {[%emt 0:01:21]} Rde8 {[%emt 0:00:57]} 19. Bc4 {[%emt 0:02:56]} Ne5 {[%emt 0:04:07]} 20. Bxe5 {[%emt 0:00:05]} fxe5 {[%emt 0:00:06]} 21. Bf7 {[%emt 0:00:03]} Re7 {[%emt 0:00:20]} 22. O-O-O {[%emt 0:00:08]} Bc6 {[%emt 0:23:49]} 23. Ng5 {[%emt 0:02:54]} f4 {[%emt 0:02:49]} 24. exf4 {[%emt 0:00:54]} exf4 {[%emt 0:00:11]} 25. Ne6 {[%emt 0:00:19]} Bb6 {[%emt 0:00:19]} 26. Rd2 {[%emt 0:00:04]} Rd7 {[%emt 0:00:56]} 27. Rgd1 {[%emt 0:10:53]} Rxd2 28. Rxd2 {[%emt 0:00:02]} Rh1+ {[%emt 0:04:31]} 29. Rd1 {[%emt 0:09:12]} Bxf2 {[%emt 0:01:18]} 30. Rxh1 {[%emt 0:00:05]} Be3+ {[%emt 0:02:26]} 31. Kd1 {[%emt 0:01:25]} Bxh1 {[%emt 0:00:15]} 32. Nxg7 {[%emt 0:00:05]} f3 {[%emt 0:06:26]} 33. Nf5 {[%emt 0:00:40]} f2 {[%emt 0:03:04]} 34. Nxe3 {[%emt 0:00:06]} Bf3+ {[%emt 0:00:03]} 35. Kd2 {[%emt 0:00:05]} Bh5 {[%emt 0:00:22]} 36. Be6+ {[%emt 0:00:05]} 1-0

[Event "2nd Irena Warakomska Memorial-A"]
[Site "Suwalki"]
[Date "2018.08.06"]
[Round "7"]
[White "Venkataraman, Karthik"]
[Black "Stupak, Kirill"]
[Result "1/2-1/2"]
[WhiteElo "2501"]
[BlackElo "2573"]
[Annotator "ChessBase"]
[PlyCount "81"]
[EventDate "2018.08.01"]
[EventType "swiss"]
[EventCountry "POL"]
[SourceTitle "playchess.com"]
[Source "ChessBase"]
[SourceQuality "1"]
[TimeControl "40/5400+30:1800+30"]

1. e4 {[%emt 0:00:00]} c6 {[%emt 0:05:36]} 2. d4 {[%emt 0:00:00]} d5 {[%emt 0:00:01]} 3. e5 {[%emt 0:00:00]} c5 {[%emt 0:00:05]} 4. dxc5 {[%emt 0:00:00]} Nc6 {[%emt 0:00:02]} 5. f4 {[%emt 0:00:00]} e6 {[%emt 0:03:16]} 6. Be3 {[%emt 0:00:00]} d4 {[%emt 0:04:33]} 7. Bf2 {[%emt 0:00:04]} Bxc5 {[%emt 0:00:02]} 8. Nd2 {[%emt 0:00:07]} Nge7 {[%emt 0:03:13]} 9. Bd3 {[%emt 0:02:18]} Nd5 {[%emt 0:04:26]} 10. Qf3 {[%emt 0:00:41]} Qa5 {[%emt 0:34:52]} 11. a3 {[%emt 0:01:33]} Ncb4 {[%emt 0:06:11]} 12. Rc1 {[%emt 0:16:31]} Nxd3+ {[%emt 0:01:15]} 13. Qxd3 {[%emt 0:00:07]} Qa4 {[%emt 0:06:59]} 14. Ne2 {[%emt 0:01:07]} b6 {[%emt 0:06:04]} 15. Qe4 {[%emt 0:06:03]} Rb8 {[%emt 0:05:25]} 16. Bxd4 {[%emt 0:02:40]} Bxd4 {[%emt 0:00:28]} 17. Nxd4 {[%emt 0:00:41]} Bb7 {[%emt 0:00:10]} 18. c4 {[%emt 0:02:01]} Ne7 {[%emt 0:01:48]} 19. Qe2 {[%emt 0:01:33]} O-O {[%emt 0:01:01]} 20. O-O {[%emt 0:01:44]} Rfd8 {[%emt 0:00:05]} 21. N2f3 {[%emt 0:04:42]} Rd7 {[%emt 0:00:47]} 22. Rfd1 {[%emt 0:29:48]} Rbd8 {[%emt 0:00:40]} 23. Rd2 {[%emt 0:00:23]} h6 {[%emt 0:07:41]} 24. Rcd1 {[%emt 0:20:17]} Nf5 {[%emt 0:00:01]} 25. Kf2 {[%emt 0:00:11]} Nxd4 {[%emt 0:03:37]} 26. Nxd4 {[%emt 0:00:01]} Ba6 {[%emt 0:00:01]} 27. Nf3 {[%emt 0:03:53]} Bxc4 {[%emt 0:01:59]} 28. Qe4 {[%emt 0:01:44]} Rxd2+ {[%emt 0:02:10]} 29. Rxd2 {[%emt 0:00:03]} Rc8 {[%emt 0:00:06]} 30. Qb7 {[%emt 0:00:49]} Rf8 {[%emt 0:00:42]} 31. Qe4 {[%emt 0:01:15]} Qa6 {[%emt 0:00:28]} 32. Nd4 {[%emt 0:01:33]} Rd8 {[%emt 0:00:26]} 33. Qe3 {[%emt 0:00:14]} Qb7 {[%emt 0:00:38]} 34. f5 {[%emt 0:00:37]} Qe7 {[%emt 0:01:35]} 35. Kg1 {[%emt 0:01:58]} Qh4 {[%emt 0:00:31]} 36. Nf3 {[%emt 0:02:18]} Qe7 {[%emt 0:00:00]} 37. Rxd8+ Qxd8 {[%emt 0:00:01]} 38. Qd4 {[%emt 0:01:20]} Bd5 {[%emt 0:01:24]} 39. f6 {[%emt 0:00:02]} Qc7 {[%emt 0:00:32]} 40. fxg7 Kxg7 {[%emt 0:00:00]} 41. Qg4+ {[%emt 0:01:21]} 1/2-1/2

[Event "2nd Irena Warakomska Memorial-A"]
[Site "Suwalki"]
[Date "2018.08.06"]
[Round "7"]
[White "Caspi, Israel"]
[Black "Warakomski, Tomasz"]
[Result "1-0"]
[WhiteElo "2454"]
[BlackElo "2512"]
[Annotator "ChessBase"]
[PlyCount "63"]
[EventDate "2018.08.01"]
[EventType "swiss"]
[EventCountry "POL"]
[SourceTitle "playchess.com"]
[Source "ChessBase"]
[SourceQuality "1"]
[TimeControl "40/5400+30:1800+30"]

1. e4 {[%emt 0:00:00]} c5 {[%emt 0:00:07]} 2. Nf3 {[%emt 0:00:05]} e6 {[%emt 0:00:05]} 3. d4 {[%emt 0:00:05]} cxd4 {[%emt 0:00:03]} 4. Nxd4 {[%emt 0:00:06]} a6 {[%emt 0:00:02]} 5. Nc3 {[%emt 0:00:07]} b5 {[%emt 0:00:13]} 6. Bd3 {[%emt 0:00:06]} Qb6 {[%emt 0:00:04]} 7. Nf3 {[%emt 0:00:05]} Qc7 {[%emt 0:00:04]} 8. O-O {[%emt 0:00:26]} Bb7 {[%emt 0:00:04]} 9. Re1 {[%emt 0:00:51]} Be7 {[%emt 0:00:19]} 10. Bd2 {[%emt 0:11:00]} Nc6 {[%emt 0:05:17]} 11. Qe2 {[%emt 0:07:00]} d6 {[%emt 0:06:47]} 12. a4 {[%emt 0:04:36]} b4 {[%emt 0:00:31]} 13. Na2 {[%emt 0:00:02]} a5 {[%emt 0:00:04]} 14. c3 {[%emt 0:01:44]} bxc3 {[%emt 0:00:08]} 15. Nxc3 {[%emt 0:00:56]} Nf6 {[%emt 0:00:05]} 16. Rac1 {[%emt 0:01:50]} O-O {[%emt 0:02:48]} 17. Nb5 {[%emt 0:01:03]} Qb8 {[%emt 0:03:03]} 18. Nfd4 {[%emt 0:14:02]} Nxd4 {[%emt 0:05:59]} 19. Nxd4 {[%emt 0:00:03]} d5 {[%emt 0:02:19]} 20. exd5 {[%emt 0:12:19]} Bxd5 {[%emt 0:01:36]} 21. Bb5 {[%emt 0:01:24]} Ne4 {[%emt 0:20:51]} 22. Be3 {[%emt 0:04:49]} Bd6 {[%emt 0:03:34]} 23. g3 {[%emt 0:07:11]} Bb4 {[%emt 0:19:40]} 24. Red1 {[%emt 0:00:30]} Nf6 {[%emt 0:00:15]} 25. Bc6 {[%emt 0:04:58]} Qe5 {[%emt 0:16:09]} 26. Bxa8 {[%emt 0:05:46]} Rxa8 {[%emt 0:00:04]} 27. f3 {[%emt 0:06:34]} g5 {[%emt 0:00:22]} 28. Nc6 {[%emt 0:06:25]} Qf5 {[%emt 0:00:09]} 29. Rf1 {[%emt 0:00:22]} g4 {[%emt 0:01:37]} 30. fxg4 {[%emt 0:01:27]} Qg6 {[%emt 0:03:36]} 31. Bd4 {[%emt 0:01:53]} Nxg4 {[%emt 0:01:08]} 32. Ne5 {[%emt 0:00:40]} 1-0

[Event "2nd Irena Warakomska Memorial-A"]
[Site "Suwalki"]
[Date "2018.08.06"]
[Round "7"]
[White "Kashlinskaya, Alina"]
[Black "Sliwicka, Alicja"]
[Result "1/2-1/2"]
[WhiteElo "2435"]
[BlackElo "2293"]
[Annotator "NA"]
[PlyCount "81"]
[EventDate "2018.08.01"]
[EventType "swiss"]
[EventCountry "POL"]
[SourceTitle "playchess.com"]
[Source "ChessBase"]
[SourceQuality "1"]
[TimeControl "40/5400+30:1800+30"]

1. d4 {[%emt 0:00:00]} Nf6 {[%emt 0:00:28]} 2. c4 {[%emt 0:00:00]} e6 {[%emt 0:00:05]} 3. Nc3 {[%emt 0:01:40]} d5 {[%emt 0:00:15]} 4. cxd5 {[%emt 0:00:52]} exd5 {[%emt 0:00:07]} 5. Bg5 {[%emt 0:00:32]} Bb4 {[%emt 0:00:08]} 6. e3 {[%emt 0:05:35]} h6 {[%emt 0:00:09]} 7. Bxf6 {[%emt 0:08:04]} Qxf6 {[%emt 0:00:08]} 8. Qa4+ {[%emt 0:00:26]} Nc6 {[%emt 0:00:10]} 9. Nf3 {[%emt 0:00:32]} O-O {[%emt 0:07:02]} 10. Be2 {[%emt 0:00:39]} Be6 {[%emt 0:08:25]} 11. O-O {[%emt 0:00:57]} Bxc3 {[%emt 0:01:31]} 12. bxc3 {[%emt 0:00:07]} g5 {[%emt 0:12:29]} 13. c4 {[%emt 0:09:21]} Ne7 {[%emt 0:11:39]} 14. Rab1 {[%emt 0:05:14]} b6 {[%emt 0:05:13]} 15. Rbc1 {[%emt 0:02:11]} dxc4 {[%emt 0:08:36]} 16. Bxc4 {[%emt 0:00:32]} c6 {[%emt 0:01:38]} 17. Bxe6 {[%emt 0:15:35]} Qxe6 {[%emt 0:00:14]} 18. Rc3 {[%emt 0:00:46]} f6 {[%emt 0:04:20]} 19. Rfc1 {[%emt 0:00:46]} Kg7 {[%emt 0:01:45]} 20. e4 {[%emt 0:01:27]} Rfe8 {[%emt 0:09:18]} 21. Re3 {[%emt 0:06:42]} Red8 {[%emt 0:06:13]} 22. h3 {[%emt 0:03:17]} Qd7 {[%emt 0:00:30]} 23. Qa3 {[%emt 0:07:15]} Rac8 {[%emt 0:01:52]} 24. e5 {[%emt 0:04:55]} f5 {[%emt 0:00:33]} 25. e6 {[%emt 0:00:55]} Qc7 {[%emt 0:05:20]} 26. Ne5 {[%emt 0:06:54]} Rd5 {[%emt 0:02:30]} 27. Qb3 {[%emt 0:00:51]} Qd6 {[%emt 0:02:23]} 28. Qd1 {[%emt 0:04:42]} Rxd4 {[%emt 0:02:38]} 29. Qb3 {[%emt 0:02:42]} Qb4 {[%emt 0:01:04]} 30. Qxb4 {[%emt 0:01:56]} Rxb4 {[%emt 0:00:05]} 31. Rd1 {[%emt 0:03:15]} Nd5 {[%emt 0:03:10]} 32. Ree1 {[%emt 0:01:00]} Kf6 {[%emt 0:00:49]} 33. e7 {[%emt 0:01:13]} Re4 {[%emt 0:02:26]} 34. Nxc6 {[%emt 0:00:22]} Rxe1+ {[%emt 0:01:04]} 35. Rxe1 {[%emt 0:00:04]} Re8 {[%emt 0:00:07]} 36. Rd1 {[%emt 0:02:41]} Nxe7 {[%emt 0:01:54]} 37. Rd6+ {[%emt 0:00:19]} Kf7 {[%emt 0:00:50]} 38. Nxa7 {[%emt 0:01:06]} Ra8 {[%emt 0:00:31]} 39. Nc6 {[%emt 0:02:28]} Nxc6 {[%emt 0:00:18]} 40. Rxc6 {[%emt 0:00:00]} Rxa2 41. Rxb6 {[%emt 0:04:54]} 1/2-1/2

[Event "2nd Irena Warakomska Memorial-A"]
[Site "Suwalki"]
[Date "2018.08.06"]
[Round "7"]
[White "Matviishen, Viktor"]
[Black "Nasuta, Grzegorz"]
[Result "1/2-1/2"]
[WhiteElo "2423"]
[BlackElo "2497"]
[Annotator "TA"]
[PlyCount "48"]
[EventDate "2018.08.01"]
[EventType "swiss"]
[EventCountry "POL"]
[SourceTitle "playchess.com"]
[Source "ChessBase"]
[SourceQuality "1"]

{[%evp 33,48,0,0,0,0,0,0,0,0,0,0,0,0,0,0,-2,3]} 1. e4 e5 2. Nf3 Nc6 3. Bb5 a6 4. Ba4 Nf6 5. O-O Be7 6. Re1 b5 7. Bb3 d6 8. c3 O-O 9. h3 Nb8 10. d4 Nbd7 11. Nbd2 Bb7 12. Bc2 Re8 13. Nf1 Bf8 14. Ng3 g6 15. Nh2 d5 {C95: Closed Ruy Lopez: Breyer Variation with 10 d4} (15... Bg7 16. f4 Qe7 17. dxe5 dxe5 18. f5 c5 19. h4 c4 20. h5 g5 21. Bxg5 h6 22. Be3 Kh7 23. b4 cxb3 24. axb3 {0-1 (68) Negi,P (2529)-Zoler,D (2465) Biel 2007}) 16. dxe5 Nxe4 17. Nxe4 dxe4 {LiveBook: 3 Games. The position is equal.} 18. Bxe4 Bxe4 19. Rxe4 {[#] And now Rd4 would win.} Nxe5 20. Bf4 Qxd1+ 21. Rxd1 Nc4 22. Rxe8 Rxe8 23. b3 Nd6 24. Nf3 $146 ({Predecessor:} 24. Kf1 Bg7 25. Bxd6 {½-½ (25) Shankland,S (2368)-Ganbold,O (2380) San Francisco 2008}) 24... Re2 1/2-1/2

[Event "2nd Irena Warakomska Memorial-A"]
[Site "Suwalki"]
[Date "2018.08.06"]
[Round "7"]
[White "Grinev, Valeriy"]
[Black "Kokoszczynski, Jan"]
[Result "1-0"]
[WhiteElo "2416"]
[BlackElo "2187"]
[Annotator "TA"]
[PlyCount "71"]
[EventDate "2018.08.01"]
[EventType "swiss"]
[EventCountry "POL"]
[SourceTitle "playchess.com"]
[Source "ChessBase"]
[SourceQuality "1"]

{[%evp 14,71,0,0,33,43,48,33,91,85,97,111,131,122,112,118,129,140,97,117,135,96,181,171,247,229,235,238,321,302,371,302,295,296,321,306,303,312,314,308,405,301,301,279,336,323,328,322,494,330,318,327,303,308,292,318,357,347,459,458]} 1. Nf3 Nf6 2. g3 b6 3. Bg2 Bb7 4. O-O e6 5. c4 Be7 6. d4 O-O 7. d5 exd5 8. Nh4 {[%cal Rc4d5] LiveBook: 538 Games} Re8 {E17: Queen's Indian: 4 g3 Bb7 5 Bg2 Be7} (8... c6 9. cxd5 Nxd5 10. Nf5 Nc7 11. Nc3 d5 12. e4 Bf6 13. exd5 Nxd5 14. Nxd5 cxd5 15. Re1 Na6 16. Bf4 Bxb2 17. Rb1 Bf6 18. Nd6 Bc6 19. Bxd5 Bxd5 20. Qxd5 Qd7 21. Rbd1 Rad8 22. h4 Nc5 23. Bg5 Bxg5 24. hxg5 Qa4 25. Re7 Rd7 26. Rde1 Nb7 27. Qxf7+ {1-0 (27) Adhiban,B (2655)-Kovalenko,I (2635) chess.com INT 2018}) 9. cxd5 {d6 is the strong threat.} Bf8 10. Nf5 Na6 (10... c6 $14) 11. Nc3 $16 Nc5 12. Qd4 h6 $146 ({Predecessor:} 12... a5 13. Bg5 d6 14. Bh3 Bc8 15. Nh6+ gxh6 16. Bxf6 {1-0 (40) Vragoteris,A (2266)-Kiratzopoulos,E (2139) Kallithea 2009}) 13. b4 Na6 14. a3 c5 15. dxc6 $1 Bxc6 16. e4 Nc7 17. Bb2 Ne6 {[#]} (17... g6 $16) 18. Qd3 $1 $18 g6 (18... a5 {was necessary.} 19. Nd5 Bxd5) 19. Nd6 Bxd6 20. Qxd6 Qc7 21. Qd2 {aiming for Nd5.} Ng5 22. h4 Ngh7 23. Qxh6 Rac8 24. Rac1 Qe5 25. Qd2 Qe6 26. Qd4 Bb7 27. Nd5 Bxd5 28. exd5 Qe2 29. d6 Rxc1 30. Rxc1 ({Not} 30. Bxc1 Rc8 $18) 30... Re6 (30... Qg4 $142 31. Qxg4 Nxg4) 31. Bc3 Qg4 32. Qxg4 Nxg4 33. Bd5 Re8 34. Bd4 Nhf6 35. Bb3 Ne5 {[#] Threatens to win with ...Nf3+.} 36. Kg2 {Precision: White = 83%, Black = 33%.} 1-0

[Event "2nd Irena Warakomska Memorial-A"]
[Site "Suwalki"]
[Date "2018.08.06"]
[Round "7"]
[White "Cukrowski, Filip"]
[Black "Dzhuguryan, Tygran"]
[Result "1/2-1/2"]
[WhiteElo "2404"]
[BlackElo "2178"]
[Annotator "NA"]
[PlyCount "73"]
[EventDate "2018.08.01"]
[EventType "swiss"]
[EventCountry "POL"]
[SourceTitle "playchess.com"]
[Source "ChessBase"]
[SourceQuality "1"]
[TimeControl "40/5400+30:1800+30"]

1. e4 {[%emt 0:01:35]} c6 {[%emt 0:00:00]} 2. d4 {[%emt 0:00:28]} g6 {[%emt 0:00:00]} 3. Nf3 {[%emt 0:00:10]} Bg7 {[%emt 0:00:07]} 4. c3 {[%emt 0:01:10]} Nf6 {[%emt 0:00:45]} 5. Nbd2 {[%emt 0:00:59]} O-O {[%emt 0:00:45]} 6. Bd3 {[%emt 0:00:42]} d6 {[%emt 0:00:32]} 7. O-O {[%emt 0:00:50]} Nbd7 {[%emt 0:07:26]} 8. Qe2 {[%emt 0:05:28]} Nh5 {[%emt 0:00:37]} 9. Nc4 {[%emt 0:11:42]} b5 {[%emt 0:02:03]} 10. Na3 {[%emt 0:00:05]} e5 {[%emt 0:00:47]} 11. d5 $17 {[%emt 0:07:22]} (11. Rd1 $11 {keeps the balance.}) 11... cxd5 {[%emt 0:05:55]} 12. Bxb5 {[%emt 0:13:13]} dxe4 {[%emt 0:06:55]} 13. Qxe4 {[%emt 0:00:05]} Rb8 {[%emt 0:00:37]} 14. Bg5 {[%emt 0:07:36]} Ndf6 {[%emt 0:07:45]} 15. Qe3 {[%emt 0:01:56]} Qc7 {[%emt 0:00:23]} 16. Rad1 {[%emt 0:05:16]} h6 {[%emt 0:01:11]} 17. Bxf6 {[%emt 0:00:05]} Nxf6 {[%emt 0:00:04]} 18. h3 {[%emt 0:04:46]} Be6 {[%emt 0:01:18]} 19. c4 {[%emt 0:05:05]} a6 {[%emt 0:11:04]} 20. Bxa6 {[%emt 0:04:23]} Rxb2 {[%emt 0:00:20]} 21. Rb1 {[%emt 0:07:41]} Rxb1 {[%emt 0:13:23]} 22. Rxb1 {[%emt 0:00:08]} Ra8 {[%emt 0:06:06]} 23. Bb5 {[%emt 0:06:39]} Nd7 {[%emt 0:07:04]} 24. Bxd7 {[%emt 0:03:24]} Qxd7 {[%emt 0:00:48]} 25. Rb6 {[%emt 0:05:34]} Bf8 {[%emt 0:05:15]} 26. Nd2 {[%emt 0:03:27]} d5 {[%emt 0:07:41]} 27. c5 {[%emt 0:00:11]} Qa4 {[%emt 0:03:09]} 28. Nb5 {[%emt 0:00:26]} Qd1+ {[%emt 0:01:13]} 29. Kh2 {[%emt 0:00:35]} Bxc5 {[%emt 0:01:10]} 30. Qxc5 {[%emt 0:00:14]} Qxd2 {[%emt 0:00:03]} 31. Nc7 {[%emt 0:01:13]} Rc8 {[%emt 0:01:15]} 32. Rc6 {[%emt 0:00:40]} Rf8 {[%emt 0:04:55]} 33. Nxe6 {[%emt 0:01:35]} fxe6 {[%emt 0:00:02]} 34. Rxe6 {[%emt 0:00:12]} Qxf2 {[%emt 0:00:07]} 35. Qxf2 {[%emt 0:01:39]} Rxf2 {[%emt 0:00:02]} 36. Rxe5 {[%emt 0:00:06]} Rxa2 {[%emt 0:00:28]} 37. Rxd5 {[%emt 0:00:04]} 1/2-1/2

[Event "2nd Irena Warakomska Memorial-A"]
[Site "Suwalki"]
[Date "2018.08.06"]
[Round "7"]
[White "Rahul, Srivatshav P"]
[Black "Mulet, Piotr"]
[Result "1-0"]
[WhiteElo "2388"]
[BlackElo "2238"]
[Annotator "NA"]
[PlyCount "73"]
[EventDate "2018.08.01"]
[EventType "swiss"]
[EventCountry "POL"]
[SourceTitle "playchess.com"]
[Source "ChessBase"]
[SourceQuality "1"]
[TimeControl "40/5400+30:1800+30"]

1. d4 Nf6 2. c4 g6 3. Nc3 d5 4. cxd5 Nxd5 5. e4 Nxc3 6. bxc3 Bg7 7. Nf3 c5 8. Be3 Qa5 9. Qd2 Nc6 10. Rb1 a6 11. Rc1 f5 12. e5 b5 13. Be2 Bb7 14. O-O cxd4 15. cxd4 Qxd2 16. Bxd2 Rd8 17. Bc3 O-O 18. a4 b4 19. Bb2 h6 20. Rc5 Kh7 21. Rfc1 e6 22. Rxc6 Bxc6 23. Rxc6 Rc8 24. Rxc8 Rxc8 25. Bd3 b3 26. Kf1 Bf8 27. Nd2 Bb4 28. Nxb3 a5 29. Ke2 Rb8 30. Bc4 Rb6 31. Kd3 g5 32. Bc3 Kg6 33. Bxb4 Rxb4 34. Bxe6 Rxa4 35. d5 Re4 36. d6 Rxe5 37. d7 1-0